Competitividad, medio ambiente y estrategia industrial (Record no. 11548)

MARC details
000 -LEADER
campo de control de longitud fija 01024nam a2200265 i 4500
001 - NÚMERO DE CONTROL
campo de control 11548
003 - IDENTIFICADOR DE NÚMERO DE CONTROL
campo de control ES-MaACL
005 - FECHA Y HORA DE LA ÚLTIMA TRANSACCIÓN
campo de control 20230906150126.0
007 - CAMPO FIJO DE DESCRIPCIÓN FÍSICA--INFORMACIÓN GENERAL
campo de control de longitud fija t|
008 - DATOS DE LONGITUD FIJA--INFORMACIÓN GENERAL
campo de control de longitud fija 950823s1995 sp |||| | spa d
020 ## - NÚMERO INTERNACIONAL ESTÁNDAR DEL LIBRO
Número Internacional Estándar del Libro 84-370-1972-9
080 ## - NÚMERO DE LA CLASIFICACIÓN DECIMAL UNIVERSAL
Número de la Clasificación Decimal Universal 677(460.31):504
080 ## - NÚMERO DE LA CLASIFICACIÓN DECIMAL UNIVERSAL
Número de la Clasificación Decimal Universal 684(460.31):504
080 ## - NÚMERO DE LA CLASIFICACIÓN DECIMAL UNIVERSAL
Número de la Clasificación Decimal Universal 621.7/.9(460.31):504
245 00 - MENCIÓN DEL TÍTULO
Título Competitividad, medio ambiente y estrategia industrial
Resto del título : los sectores metalmecánico, textil y del mueble de la industria valenciana ante la política medioambiental de la Unión Europea /
Mención de responsabilidad, etc. J.A. Tomás Carpi, ed.
260 ## - PUBLICACIÓN, DISTRIBUCIÓN, ETC.
Lugar de publicación, distribución, etc. Valencia :
Nombre del editor, distribuidor, etc. Universitat, Servei de Publicacions,
Fecha de publicación, distribución, etc. 1995.
300 ## - DESCRIPCIÓN FÍSICA
Extensión 2 v. ;
Dimensiones 17 cm.
490 1# - MENCIÓN DE SERIE
Mención de serie Cultura universitària popular ;
Designación de volumen o secuencia 27-28
650 #4 - PUNTO DE ACCESO ADICIONAL DE MATERIA--TÉRMINO DE MATERIA
Término de materia o nombre geográfico como elemento de entrada Industria-
Subdivisión general Aspectos ambientales-
Subdivisión geográfica Comunidad Valenciana.
9 (RLIN) 163156
700 1# - ENTRADA AGREGADA--NOMBRE PERSONAL
Nombre de persona Tomás Carpi, Juan A.
9 (RLIN) 110512
710 2# - ENTRADA AGREGADA--NOMBRE DE ENTIDAD CORPORATIVA
Nombre de entidad corporativa o nombre de jurisdicción como elemento de entrada Universidad de Valencia.
9 (RLIN) 7314
830 0# - PUNTO DE ACCESO ADICIONAL DE SERIE-TÍTULO UNIFORME
Título uniforme Cultura universitària popular ;
Designación de volumen o secuencia 27-28
9 (RLIN) 179154
852 ## - LOCALIZACIÓN
Ubicación ES-MaACL
Número de control de estantería L-18879-80
Holdings
Estatus retirado Estado de pérdida Estado de daño No para préstamo Biblioteca de origen Biblioteca actual Ubicación en estantería Fecha de adquisición Fuente de adquisición Total de préstamos Signatura topográfica completa Código de barras Visto por última vez Precio de reemplazo Tipo de ítem Koha
        Biblioteca del Ateneo de Madrid Biblioteca del Ateneo de Madrid Depósito 2 17/01/2008     L-18879-80 1011771 23/02/2023 23/02/2023 Libro impreso